[Event "Niedersachsen-ch B"]
[Site "Verden"]
[Date "2010.01.04"]
[Round "4.25"]
[White "Pfeifer, Frank"]
[Black "Vogel, Christopher"]
[Result "0-1"]
[WhiteElo "1739"]
[BlackElo "1994"]
[PlyCount "70"]
[EventDate "2010.01.??"]
[EventType "swiss"]
[EventRounds "7"]
[EventCountry "GER"]
[SourceDate "2005.10.24"]

1. e4 c5 2. Nc3 e6 3. g3 Nc6 4. f4 d6 5. Bg2 g6 6. Nge2 Bg7 7. O-O Nge7 8. d3
O-O 9. h3 Nd4 10. Nxd4 cxd4 11. Ne2 Bd7 12. g4 f5 13. gxf5 gxf5 14. Ng3 Bc6 15.
Qh5 Qe8 16. Qe2 fxe4 17. dxe4 Bb5 18. Qg4 Bxf1 19. Bxf1 Qg6 20. Bd3 Nc6 21. Bd2
Bh6 22. Rf1 Ne5 23. fxe5 Qxg4 24. hxg4 Bxd2 25. exd6 Rxf1+ 26. Nxf1 Bf4 27. Bc4
Kf7 28. Kg2 Kf6 29. Ng3 Bxg3 30. Kxg3 Ke5 31. Bd3 Rd8 32. a4 Rxd6 33. b3 Rd8
34. g5 Rg8 35. Kg4 h6 0-1

[Event "Niedersachsen-ch B"]
[Site "Verden"]
[Date "2010.01.04"]
[Round "4.26"]
[White "Oehne, Timo"]
[Black "Koop, Thorben"]
[Result "0-1"]
[WhiteElo "1644"]
[BlackElo "1740"]
[PlyCount "122"]
[EventDate "2010.01.??"]
[EventType "swiss"]
[EventRounds "7"]
[EventCountry "GER"]
[SourceDate "2005.10.24"]

1. d4 c5 2. c3 e6 3. Nf3 d5 4. Bg5 Nf6 5. e3 Nc6 6. Nbd2 Bd6 7. Bd3 {(=)} O-O
8. O-O e5 9. dxe5 Nxe5 10. Nxe5 Bxe5 11. Nf3 Bc7 12. Qc2 h6 13. Bh4 Bg4 14. Kh1
Re8 15. Bf5 Bxf3 16. gxf3 Qd6 17. Bg3 Qc6 18. Bxc7 Qxc7 19. Rg1 Qe5 20. Rg2 {
(=)} Re7 21. Rag1 Ne8 22. Rg3 Rd8 23. Bd3 a6 24. Rh3 Kh8 25. Bh7 Nf6 26. Bf5 b5
27. Rhg3 Ne8 28. f4 Qd6 29. Qe2 Qxf4 30. Bb1 Qe5 31. Rg5 Qf6 32. Qh5 d4 33. Rf5
Qc6+ 34. e4 Nf6 35. Rxc5 Qe6 36. Qf5 Nxe4 37. Bxe4 Qxe4+ 38. Qxe4 Rxe4 39. cxd4
Rdxd4 40. Rc2 Re6 41. Rc7 Rf6 42. Rc2 Rc4 43. Rd2 Rfc6 44. Rgd1 Rc2 45. Kg2 a5
46. Kf3 g5 47. Ke2 Kg7 48. Kd3 Rxd2+ 49. Rxd2 Rd6+ 50. Ke3 Rxd2 51. Kxd2 Kf6
52. Ke3 Ke5 53. h3 f5 54. f3 h5 55. a3 f4+ 56. Kd3 Kf5 57. b4 axb4 58. axb4 g4
59. hxg4+ hxg4 60. fxg4+ Kxg4 61. Ke2 Kg3 0-1

[Event "Niedersachsen-ch B"]
[Site "Verden"]
[Date "2010.01.04"]
[Round "4.27"]
[White "Kessler, Marcel"]
[Black "Munk, Leonhard"]
[Result "1-0"]
[WhiteElo "1924"]
[BlackElo "1751"]
[PlyCount "93"]
[EventDate "2010.01.??"]
[EventType "swiss"]
[EventRounds "7"]
[EventCountry "GER"]
[SourceDate "2005.10.24"]

1. d4 Nf6 2. Nf3 d5 3. e3 g6 4. c4 e6 5. Nc3 Bg7 6. Bd3 O-O 7. O-O c6 8. b3 Re8
9. Ne5 Nfd7 10. f4 c5 11. Bb2 cxd4 12. exd4 Nxe5 13. dxe5 d4 14. Nb5 Bf8 15.
Be4 Nc6 16. Bxc6 bxc6 17. Nxd4 Qb6 18. Qf3 Bc5 19. Rfd1 Rd8 20. Qe4 Bb7 21. Qe3
Rd7 22. Rd2 Rad8 23. Rad1 Bxd4 24. Bxd4 Qa5 25. Bc3 Qc7 26. Bb4 Rxd2 27. Rxd2
Rxd2 28. Qxd2 c5 29. Qd6 Qc8 30. Bxc5 Qa8 31. Qd2 Kg7 32. Be7 a6 33. Bf6+ Kg8
34. h4 Be4 35. b4 Kf8 36. Qd6+ Kg8 37. Qd2 Qb8 38. a4 Bc6 39. b5 Be4 40. Qd4
Qa8 41. Qd2 Kf8 42. Kh2 Kg8 43. c5 Qc8 44. c6 Bd5 45. Qb4 Qa8 46. Qd6 h6 47. c7
1-0

[Event "Niedersachsen-ch B"]
[Site "Verden"]
[Date "2010.01.04"]
[Round "4.28"]
[White "Belakhin, Alexander"]
[Black "Albrecht, Carsten"]
[Result "1/2-1/2"]
[WhiteElo "1864"]
[BlackElo "1948"]
[PlyCount "51"]
[EventDate "2010.01.??"]
[EventType "swiss"]
[EventRounds "7"]
[EventCountry "GER"]
[SourceDate "2005.10.24"]

1. d4 Nf6 2. c4 e6 3. Nf3 d5 4. Bg5 Be7 5. Nc3 h6 6. Bh4 O-O 7. e3 b6 8. Rc1
Bb7 9. Bxf6 Bxf6 10. cxd5 exd5 11. Bd3 Re8 12. O-O c6 13. Ne2 Nd7 14. Ng3 Rc8
15. Bb1 g6 16. Qa4 a5 17. Rfe1 c5 18. h3 Bg7 19. Qd1 cxd4 20. Rxc8 Qxc8 21.
exd4 Rxe1+ 22. Qxe1 Kf8 23. Bd3 Ba6 24. Bxa6 Qxa6 25. Ne2 Qd3 26. Kf1 1/2-1/2

[Event "Niedersachsen-ch B"]
[Site "Verden"]
[Date "2010.01.04"]
[Round "4.29"]
[White "Pfemeter, Felix"]
[Black "Bischoff, Norbert"]
[Result "1-0"]
[WhiteElo "1866"]
[BlackElo "1741"]
[PlyCount "49"]
[EventDate "2010.01.??"]
[EventType "swiss"]
[EventRounds "7"]
[EventCountry "GER"]
[SourceDate "2005.10.24"]

1. e4 e6 2. d4 d5 3. Nd2 Nc6 4. c3 e5 5. exd5 Qxd5 6. Nb3 exd4 7. Nxd4 Nxd4 8.
cxd4 Bb4+ 9. Bd2 Bxd2+ 10. Qxd2 Nf6 11. Ne2 O-O 12. Nc3 Re8+ 13. Be2 Qa5 14.
O-O c6 15. Bd3 Bf5 16. b4 Qxb4 17. Bxf5 Rad8 18. Rfd1 c5 19. d5 Re5 20. Rab1
Qd4 21. Qc2 Rde8 22. Bd3 Nxd5 23. Nxd5 Qxd5 24. Bxh7+ Kh8 25. f4 1-0

[Event "Niedersachsen-ch B"]
[Site "Verden"]
[Date "2010.01.04"]
[Round "4.30"]
[White "Kaphle, Narendra"]
[Black "Eickhoff, Hermann"]
[Result "0-1"]
[WhiteElo "1466"]
[BlackElo "2030"]
[PlyCount "56"]
[EventDate "2010.01.??"]
[EventType "swiss"]
[EventRounds "7"]
[EventCountry "GER"]
[SourceDate "2005.10.24"]

1. e4 g6 2. Nf3 Bg7 3. d4 d6 4. Be3 Nf6 5. Nbd2 O-O 6. Be2 Nbd7 7. O-O Ng4 8.
Bf4 e5 9. dxe5 Ngxe5 10. Rb1 Nc5 11. Nxe5 dxe5 12. Be3 Ne6 13. f3 c6 14. c3 Qc7
15. Qc2 b5 16. Rbd1 Nf4 17. Nb3 Be6 18. Rd2 Nxe2+ 19. Rxe2 Bc4 20. Rd1 Bxe2 21.
Qxe2 Rfd8 22. Kf1 Rxd1+ 23. Qxd1 Rd8 24. Qe2 Bf8 25. Qe1 c5 26. Nc1 c4 27. Ne2
Rd3 28. Ng1 Qd7 0-1

[Event "Niedersachsen-ch B"]
[Site "Verden"]
[Date "2010.01.04"]
[Round "4.31"]
[White "Tautz, Felix"]
[Black "Meyer, Irmin"]
[Result "0-1"]
[WhiteElo "1269"]
[BlackElo "2004"]
[PlyCount "90"]
[EventDate "2010.01.??"]
[EventType "swiss"]
[EventRounds "7"]
[EventCountry "GER"]
[SourceDate "2005.10.24"]

1. d4 Nf6 2. Nf3 e6 3. Bg5 h6 4. Bh4 c5 5. c3 Nc6 6. e3 b6 7. Be2 Bb7 8. a3 a5
9. Nbd2 Be7 10. O-O O-O 11. Qb3 a4 12. Qc2 Ba6 13. Bxa6 Rxa6 14. b3 axb3 15.
Qxb3 Qc7 16. Rfb1 Rb8 17. Nc4 d6 18. Qc2 b5 19. Ncd2 Qa7 20. Qd1 Qd7 21. Qf1 c4
22. Ne1 Nd5 23. Bxe7 Qxe7 24. Rc1 Rba8 25. Nb1 Na5 26. Rc2 Nb3 27. Raa2 f5 28.
Qe2 Nf6 29. f3 e5 30. dxe5 Qxe5 31. Qf2 Re8 32. Re2 Nc1 33. f4 Qe4 {
Dieser Zug mußte komplett geraten werden.} 34. Ra1 Nxe2+ 35. Qxe2 Qxe3+ 36.
Qxe3 Rxe3 37. Nf3 Ne4 38. Ra2 Nxc3 39. Nxc3 Rxc3 40. Nd4 Rcxa3 {Welcher Txa3?}
41. Rxa3 Rxa3 42. Nxb5 Rb3 43. Nxd6 c3 44. Nxf5 c2 45. Ne7+ Kf7 {
Leider lag nur ein Partieformular mit höchst mangelhafter Notation vor.} 0-1

[Event "Niedersachsen-ch B"]
[Site "Verden"]
[Date "2010.01.04"]
[Round "4.32"]
[White "Weczerek, Dieter"]
[Black "Schaar, Andreas"]
[Result "1/2-1/2"]
[WhiteElo "1786"]
[BlackElo "1993"]
[PlyCount "99"]
[EventDate "2010.01.??"]
[EventType "swiss"]
[EventRounds "7"]
[EventCountry "GER"]
[SourceDate "2005.10.24"]

1. e4 d5 2. exd5 Qxd5 3. Nc3 Qa5 4. d4 c6 5. Bd3 Nf6 6. Nge2 Bg4 7. Bd2 e6 8.
Ne4 Qd8 9. Nxf6+ gxf6 10. f3 Bh5 11. c3 Nd7 12. Qc2 Bg6 13. Bxg6 hxg6 14. g3
Qc7 15. Bf4 Bd6 16. O-O-O O-O-O 17. Bxd6 Qxd6 18. c4 Kb8 19. Qe4 f5 20. Qf4
Qxf4+ 21. Nxf4 Nf6 22. h4 Rd7 23. Kc2 Rhd8 24. Ne2 Kc7 25. Rd3 e5 26. Rhd1 e4
27. fxe4 fxe4 28. Ra3 a6 29. Rf1 Ng4 30. Rf4 f5 31. h5 Rf8 32. hxg6 Rg7 33. d5
c5 34. b4 Kd6 35. bxc5+ Kxc5 36. Kc3 Rxg6 37. Ra5+ Kb6 38. Ra3 Ne5 39. Kd4 Nf3+
40. Raxf3 {Welcher Txf3?} exf3 41. c5+ Kc7 42. Rxf3 Rg4+ 43. Rf4 Re8 44. Rxg4
fxg4 45. Nc3 Re1 46. a4 Rf1 47. Ne4 Rf3 48. Kc4 b6 49. c6 Ra3 50. Nc3 1/2-1/2

[Event "Niedersachsen-ch B"]
[Site "Verden"]
[Date "2010.01.04"]
[Round "4.33"]
[White "Ehlert, Horst"]
[Black "Duessler, Stefanie"]
[Result "1/2-1/2"]
[WhiteElo "2083"]
[BlackElo "1784"]
[PlyCount "74"]
[EventDate "2010.01.??"]
[EventType "swiss"]
[EventRounds "7"]
[EventCountry "GER"]
[SourceDate "2005.10.24"]

1. c4 c6 2. d4 d5 3. cxd5 cxd5 4. Nf3 Nf6 5. Bf4 Nc6 6. Nc3 Nh5 7. Bg3 e6 8. e3
Bd7 9. Bd3 a6 10. O-O Nxg3 11. hxg3 Bd6 12. Rc1 O-O 13. Na4 Nb4 14. Bb1 Bxa4
15. Qxa4 b5 16. Qd1 Rc8 17. a3 Nc6 18. Qd3 g6 19. e4 dxe4 20. Qxe4 Qd7 21. d5
exd5 22. Qxd5 Ne7 23. Qd2 Rfd8 24. Rxc8 Nxc8 25. Rd1 Qc7 26. Ba2 Be7 27. Qe2
Rxd1+ 28. Qxd1 Bf6 29. b4 Nb6 30. Qe2 Nc4 31. a4 Nd6 32. axb5 axb5 33. Qd3 Qc1+
34. Kh2 Qh6+ 35. Kg1 Qc1+ 36. Kh2 Qh6+ 37. Kg1 Qc1+ 1/2-1/2

[Event "Niedersachsen-ch B"]
[Site "Verden"]
[Date "2010.01.04"]
[Round "4.34"]
[White "Bart, Simon"]
[Black "Sturm, Timo"]
[Result "1/2-1/2"]
[WhiteElo "1982"]
[BlackElo "1865"]
[PlyCount "35"]
[EventDate "2010.01.??"]
[EventType "swiss"]
[EventRounds "7"]
[EventCountry "GER"]
[SourceDate "2005.10.24"]

1. e4 d6 2. d4 Nf6 3. Nc3 c6 4. f4 Qa5 5. Bd3 e5 6. dxe5 dxe5 7. fxe5 Ng4 8. h3
Nxe5 9. Nf3 Bd6 10. O-O O-O 11. Qe2 Nbd7 12. Be3 Nxf3+ 13. Qxf3 Ne5 14. Qf2 Ng6
15. Ne2 Qe5 16. g4 h5 17. Bd4 Qg5 18. Be3 1/2-1/2

[Event "Niedersachsen-ch B"]
[Site "Verden"]
[Date "2010.01.04"]
[Round "4.35"]
[White "Finke, Harald"]
[Black "Schwenteck, Peter"]
[Result "1-0"]
[WhiteElo "2011"]
[BlackElo "1759"]
[PlyCount "117"]
[EventDate "2010.01.??"]
[EventType "swiss"]
[EventRounds "7"]
[EventCountry "GER"]
[SourceDate "2005.10.24"]

1. d4 d5 2. Nf3 Nf6 3. e3 e6 4. Bd3 b6 5. Nbd2 Bb7 6. Ne5 Be7 7. O-O O-O 8. f4
c5 9. c3 Nbd7 10. Qf3 Ne8 11. Qh3 f5 12. g4 Nd6 13. Ndf3 Ne4 14. Nxd7 Qxd7 15.
gxf5 exf5 16. Ne5 Qe8 17. Bxe4 fxe4 18. Bd2 Rf6 19. Kh1 Rh6 20. Qg2 Bc8 21. Rg1
Bf6 22. Be1 Bxe5 23. fxe5 Rg6 24. Bg3 Bg4 25. Raf1 Qe6 26. Rf4 Bf3 27. Rxf3
exf3 28. Qxf3 Rf8 29. Qg2 Rf5 30. Rf1 Rxf1+ 31. Qxf1 Qg4 32. Kg2 h5 33. Kf2 Qe4
34. Qh3 Qc2+ 35. Kf3 Qd1+ 36. Kf2 Qg4 37. Qxg4 hxg4 38. Bf4 Kf7 39. Ke2 Ke6 40.
b3 Kf5 41. Kd3 Rc6 42. Bg3 c4+ 43. bxc4 dxc4+ 44. Kd2 Ke4 45. Bf4 Rc8 46. Kc2
Rg8 47. Kb2 g5 48. Bg3 Rf8 49. Ka3 Kd3 50. d5 Kxc3 51. d6 Kd2 52. e6 c3 53. Be5
c2 54. Bb2 Rf3 55. d7 Rxe3+ 56. Kb4 Re4+ 57. Kb5 a6+ 58. Kxa6 Ra4+ 59. Kb7 1-0

[Event "Niedersachsen-ch B"]
[Site "Verden"]
[Date "2010.01.04"]
[Round "4.36"]
[White "Hurink, Maarten"]
[Black "Hentrop, Malte"]
[Result "1-0"]
[WhiteElo "1846"]
[BlackElo "1665"]
[PlyCount "61"]
[EventDate "2010.01.??"]
[EventType "swiss"]
[EventRounds "7"]
[EventCountry "GER"]
[SourceDate "2005.10.24"]

1. d4 d5 2. c4 c6 3. Nf3 Nf6 4. Nc3 e6 5. Bg5 Nbd7 6. e3 Qa5 7. Bxf6 Nxf6 8.
Nd2 Bb4 9. Qc2 O-O 10. Bd3 Re8 11. O-O Bxc3 12. bxc3 e5 13. cxd5 cxd5 14. Rab1
e4 15. Be2 Qc7 16. Qb3 b6 17. Rfc1 Be6 18. Ba6 Bc8 19. Be2 Be6 20. Rc2 Qe7 21.
c4 Rec8 22. Rbc1 Rc7 23. cxd5 Bxd5 24. Rxc7 Bxb3 25. Rxe7 Bxa2 26. Ra1 Nd5 27.
Rd7 Nc3 28. Ba6 Be6 29. Rc7 Nd5 30. Rcc1 f5 31. Bb7 1-0

[Event "Niedersachsen-ch B"]
[Site "Verden"]
[Date "2010.01.04"]
[Round "4.37"]
[White "Grigorian, Spartak"]
[Black "Wierum, Colin"]
[Result "1/2-1/2"]
[WhiteElo "1762"]
[BlackElo "1934"]
[PlyCount "104"]
[EventDate "2010.01.??"]
[EventType "swiss"]
[EventRounds "7"]
[EventCountry "GER"]
[SourceDate "2005.10.24"]

1. d4 f5 2. Nf3 Nf6 3. c4 g6 4. g3 Bg7 5. b4 O-O 6. Bg2 d6 7. O-O a5 8. bxa5 c6
9. Bb2 Qxa5 10. Qb3 Kh8 11. Nc3 Qc7 12. a4 e5 13. dxe5 dxe5 14. Ba3 c5 15. Rab1
Nbd7 16. Ng5 Ra6 17. Nd5 Qa5 18. Qb5 Qxb5 19. Rxb5 Rxa4 20. Bxc5 Nxc5 21. Rxc5
h6 22. Nf7+ Rxf7 23. Rxc8+ Kh7 24. Nxf6+ Bxf6 25. Bd5 Rd7 26. Rb1 Ra7 27. Rb8
Rc7 28. Rf8 Kg7 29. Rg8+ Kh7 30. Rb6 Ra6 31. Rxa6 bxa6 32. Ra8 e4 33. Rxa6 Bd4
34. e3 Bc5 35. Kf1 Ra7 36. Rc6 Bb4 37. Rb6 Bc5 38. Rb5 Rc7 39. Ke2 Kg7 40. Kd2
Kf6 41. Kc3 Kg5 42. Ra5 Kg4 43. Ra6 Kf3 44. Rxg6 Kxf2 45. Rf6 Kxe3 46. Rxf5
Bd4+ 47. Kc2 Re7 48. Rf4 Bg7 49. Rg4 Bf6 50. h4 Bg7 51. Rf4 Bd4 52. h5 Bg7
1/2-1/2

[Event "Niedersachsen-ch B"]
[Site "Verden"]
[Date "2010.01.04"]
[Round "4.38"]
[White "Kuegel, Tobias"]
[Black "Krumschmidt, Michael"]
[Result "1-0"]
[WhiteElo "1921"]
[BlackElo "1648"]
[PlyCount "83"]
[EventDate "2010.01.??"]
[EventType "swiss"]
[EventRounds "7"]
[EventCountry "GER"]
[SourceDate "2005.10.24"]

1. e4 c5 2. Nf3 Nc6 3. d4 cxd4 4. Nxd4 Nf6 5. Nc3 d6 6. Be2 g6 7. Be3 Bg7 8.
O-O O-O 9. Qd2 Qa5 10. f3 a6 11. Rad1 Ne5 12. Nd5 Qd8 13. c4 Nxd5 14. cxd5 Bd7
15. h3 b5 16. b3 f6 17. f4 Nf7 18. Ne6 Bxe6 19. dxe6 Nh8 20. f5 Qc7 21. Bf3
Rac8 22. Rc1 Qb8 23. Qd5 Rfd8 24. g4 Rxc1 25. Rxc1 Rc8 26. Rc6 Qb7 27. Rc2 Qb8
28. Rxc8+ Qxc8 29. Qd2 Qc7 30. Qc1 Qb8 31. Kg2 gxf5 32. exf5 Ng6 33. fxg6 hxg6
34. Qc6 Kh7 35. Qb7 Qd8 36. Bb6 Qg8 37. Qxe7 f5 38. Bd4 f4 39. Qh4+ Bh6 40. g5
Qxe6 41. Qxh6+ Kg8 42. Qg7# 1-0

[Event "Niedersachsen-ch B"]
[Site "Verden"]
[Date "2010.01.04"]
[Round "4.39"]
[White "Fischer, Manfred3 (1934)"]
[Black "Heyne, Lukas"]
[Result "0-1"]
[WhiteElo "1946"]
[BlackElo "1810"]
[PlyCount "80"]
[EventDate "2010.01.??"]
[EventType "swiss"]
[EventRounds "7"]
[EventCountry "GER"]
[SourceDate "2005.10.24"]

1. e4 c5 2. Nf3 Nc6 3. d4 cxd4 4. Nxd4 Nf6 5. Nc3 e6 {Der 5. Zug wurde auf dem
einen vorliegenden Partieformular leider nicht notiert und mußte daher leider
geraten werden.} 6. Be2 Bb4 7. Nxc6 bxc6 8. Bd3 d5 9. Qe2 d4 10. a3 Qa5 11. Rb1
Bxc3+ 12. bxc3 e5 13. O-O dxc3 14. f4 exf4 15. Bxf4 Be6 16. Bd6 Qd8 17. e5 Nd5
18. Rb7 Qg5 19. Rfb1 Bc8 20. R7b3 a5 21. Qf3 Qh4 22. Rxc3 Qd4+ 23. Qf2 Qxf2+
24. Kxf2 Nxc3 25. Rb6 Bd7 26. Rb7 Nd5 27. g3 g6 28. c4 Bc8 29. Rb2 Ne7 30. Be4
Ra7 31. Rb8 Kd7 32. g4 Re8 33. Kf3 Bb7 34. Rxe8 Kxe8 35. Kf4 Kd7 36. Kg5 Ng8
37. h4 Ba6 38. Bd3 Rb7 39. h5 Rb3 40. hxg6 hxg6 0-1

[Event "Niedersachsen-ch B"]
[Site "Verden"]
[Date "2010.01.04"]
[Round "4.40"]
[White "Finke, Maurice"]
[Black "Dorn, Carina"]
[Result "0-1"]
[WhiteElo "1411"]
[BlackElo "1867"]
[PlyCount "76"]
[EventDate "2010.01.??"]
[EventType "swiss"]
[EventRounds "7"]
[EventCountry "GER"]
[SourceDate "2005.10.24"]

1. d4 Nf6 2. c4 e6 3. Nc3 Bb4 4. Qc2 O-O 5. a3 Bxc3+ 6. Qxc3 Ne4 7. Qc2 f5 8.
Nf3 b6 9. g3 Bb7 10. Bg2 Nf6 11. O-O d6 12. e3 Qe8 13. b3 Be4 14. Qe2 Nbd7 15.
Bb2 Qh5 16. Rfe1 Qh6 17. Rad1 Ng4 18. h3 Ngf6 19. Nd2 Bxg2 20. Kxg2 Ne4 21.
Nxe4 fxe4 22. Qg4 Qf6 23. Rd2 Qf3+ 24. Qxf3 Rxf3 25. b4 Raf8 26. Rf1 R8f5 27.
Rc2 c6 28. Ba1 {(=)} b5 29. cxb5 cxb5 30. Rc7 Nb6 31. Rc3 Nc4 32. h4 Kf7 33.
Kh3 Rxf2 34. Rxf2 Rxf2 35. a4 a6 36. axb5 axb5 37. Rb3 Re2 38. Kg4 Nxe3+ 0-1

[Event "Niedersachsen-ch B"]
[Site "Verden"]
[Date "2010.01.04"]
[Round "4.41"]
[White "Wolf, Fritjof"]
[Black "Schumacher, Klaus"]
[Result "1/2-1/2"]
[WhiteElo "1909"]
[BlackElo "1884"]
[PlyCount "59"]
[EventDate "2010.01.??"]
[EventType "swiss"]
[EventRounds "7"]
[EventCountry "GER"]
[SourceDate "2005.10.24"]

1. d4 d5 2. c4 dxc4 3. Nc3 Nf6 4. e3 e5 5. Bxc4 exd4 6. exd4 Bd6 7. Nf3 O-O 8.
O-O Nc6 9. h3 Bf5 10. Bg5 Be7 11. Re1 Nd5 12. Nxd5 Bxg5 13. Nxc7 Rc8 14. Nd5
Be6 15. Ne3 Bxe3 16. Bxe6 Bxf2+ 17. Kxf2 fxe6 18. Kg1 Qd5 19. Qb3 Qxb3 20. axb3
Rce8 21. Re4 h6 22. Rae1 Rd8 23. Rd1 Rfe8 24. Kf2 Kf7 25. Ke3 Rd5 26. Rd3 g5
27. Nd2 e5 28. dxe5 Rxd3+ 29. Kxd3 Rxe5 30. Nc4 1/2-1/2

[Event "Niedersachsen-ch B"]
[Site "Verden"]
[Date "2010.01.04"]
[Round "4.42"]
[White "Thumulka, Patrick"]
[Black "Vonhoff, Nils"]
[Result "1-0"]
[WhiteElo "1892"]
[BlackElo "1772"]
[PlyCount "73"]
[EventDate "2010.01.??"]
[EventType "swiss"]
[EventRounds "7"]
[EventCountry "GER"]
[SourceDate "2005.10.24"]

1. e4 c5 2. Nf3 Nc6 3. d4 cxd4 4. Nxd4 Nf6 5. Nc3 e6 6. Nxc6 bxc6 7. e5 Nd5 8.
Ne4 Qc7 9. f4 Bb7 10. c4 Nb6 11. Be3 Bb4+ 12. Kf2 Be7 13. Bd3 O-O 14. Qh5 g6
15. Qh6 f5 16. Ng5 Bxg5 17. Qxg5 c5 18. h4 Rf7 19. Rh2 d6 20. exd6 Qxd6 21. Rd1
Rc8 22. Be2 Qe7 23. Rhh1 Be4 24. Qxe7 Rxe7 25. b3 h5 26. Rd6 Kf7 27. Rhd1 Bc6
28. Bf3 Bxf3 29. Kxf3 Rcc7 30. Ke2 Nd7 31. Kd2 Nf6 32. Kc2 Ng4 33. R1d3 Nf6 34.
Bc1 Ne4 35. Rd8 e5 36. fxe5 Rxe5 37. Bf4 1-0

[Event "Niedersachsen-ch B"]
[Site "Verden"]
[Date "2010.01.04"]
[Round "4.43"]
[White "Zotin, Vladimir"]
[Black "Tenninger, Joerg"]
[Result "0-1"]
[WhiteElo "2015"]
[BlackElo "1566"]
[PlyCount "70"]
[EventDate "2010.01.??"]
[EventType "swiss"]
[EventRounds "7"]
[EventCountry "GER"]
[SourceDate "2005.10.24"]

1. e4 e6 2. d4 d5 3. Bd3 Nf6 4. Bg5 Be7 5. e5 Nfd7 6. h4 Bxg5 7. hxg5 Qxg5 8.
g3 h6 9. Nd2 c5 10. c3 Nc6 11. Nh3 Qe7 12. Qg4 f5 13. exf6 Qxf6 14. Nf4 Nf8 15.
O-O-O cxd4 16. cxd4 Bd7 17. Nh5 Qxd4 18. Nxg7+ Kf7 19. Qxd4 Nxd4 20. Rh4 e5 21.
Nh5 Ng6 22. Bxg6+ Kxg6 23. b3 Rac8+ 24. Kb2 Rc2+ 25. Ka3 Nb5+ 26. Kb4 b6 27.
Nc4 a5+ 28. Nxa5 bxa5+ 29. Kxa5 Rxa2+ 30. Kb6 Ra7 31. Rdh1 Rb8+ 32. Kc5 Rc7+
33. Kxd5 Bc6+ 34. Kxe5 Re8+ 35. Kf4 Rf7+ 0-1

[Event "Niedersachsen-ch B"]
[Site "Verden"]
[Date "2010.01.04"]
[Round "4.44"]
[White "Tennert, Simon"]
[Black "Diederichs, Luise"]
[Result "1-0"]
[WhiteElo "1993"]
[BlackElo "1470"]
[PlyCount "55"]
[EventDate "2010.01.??"]
[EventType "swiss"]
[EventRounds "7"]
[EventCountry "GER"]
[SourceDate "2005.10.24"]

1. e4 e6 2. d3 b6 3. g3 Bb7 4. Bg2 d5 5. Nd2 dxe4 6. dxe4 Nf6 7. Qe2 Nbd7 8.
Nh3 Bd6 9. O-O h5 10. Nc4 Ne5 11. Nxd6+ cxd6 12. Bg5 Qc7 13. Rfd1 O-O-O 14. f4
Neg4 15. Rd3 Ba6 16. c4 Kb8 17. Rc3 Qc5+ 18. Kh1 d5 19. exd5 exd5 20. Bxf6 gxf6
21. Qf3 Bxc4 22. Rac1 b5 23. b3 Rhe8 24. bxc4 bxc4 25. Rxc4 Qxc4 26. Rxc4 Re1+
27. Ng1 Re4 28. Qb3+ 1-0

[Event "Niedersachsen-ch B"]
[Site "Verden"]
[Date "2010.01.04"]
[Round "4.45"]
[White "Brehm, Stefan"]
[Black "Hartogh, Tim"]
[Result "1/2-1/2"]
[WhiteElo "1640"]
[BlackElo "1862"]
[PlyCount "102"]
[EventDate "2010.01.??"]
[EventType "swiss"]
[EventRounds "7"]
[EventCountry "GER"]
[SourceDate "2005.10.24"]

1. d4 d5 2. c4 c6 3. Nc3 Nf6 4. Nf3 e6 5. Bg5 h6 6. Bxf6 Qxf6 7. e3 Nd7 8. Be2
g6 9. O-O Bg7 10. Rc1 O-O 11. b4 Rd8 12. Qb3 dxc4 13. Bxc4 Nb6 14. Be2 Nd5 15.
a4 Qe7 16. b5 Nxc3 17. Rxc3 cxb5 18. axb5 e5 19. dxe5 Bxe5 20. Nxe5 Qxe5 21.
Rfc1 Be6 22. Qc2 Bf5 23. Qa2 Rac8 24. Rxc8 Rxc8 25. Rxc8+ {(=)} Bxc8 26. h3 Qc5
27. Bc4 Kg7 28. Qb2+ f6 29. Qa2 Bd7 30. Qb3 h5 31. Qd3 Be8 32. h4 Bf7 33. Bxf7
Qc1+ 34. Kh2 Qc7+ 35. g3 Kxf7 36. Qb3+ Kg7 37. Qa3 b6 38. Qb4 Qd7 39. Kg1 Qb7
40. Qa3 Kf7 41. Qb3+ Ke7 42. Qb4+ Ke6 43. Qc4+ Qd5 44. Qc8+ Ke7 45. Qc7+ Qd7
46. Qc4 Qd1+ 47. Kg2 f5 48. Qc7+ Qd7 49. Qe5+ Kf7 50. Kg1 {(=)} Qb7 51. Qh8 Qe4
1/2-1/2

[Event "Niedersachsen-ch B"]
[Site "Verden"]
[Date "2010.01.04"]
[Round "4.46"]
[White "Kollars, Dmitrij"]
[Black "Koch, Carsten"]
[Result "1/2-1/2"]
[WhiteElo "1450"]
[BlackElo "1837"]
[PlyCount "51"]
[EventDate "2010.01.??"]
[EventType "swiss"]
[EventRounds "7"]
[EventCountry "GER"]
[SourceDate "2005.10.24"]

1. e4 c5 2. Nf3 d6 3. d4 cxd4 4. Nxd4 Nf6 5. Nc3 a6 6. Be2 e5 7. Nb3 Be6 8. O-O
Be7 9. a4 O-O 10. Be3 d5 11. exd5 Nxd5 12. Nxd5 Bxd5 13. Nc5 f5 14. c4 f4 15.
Qxd5+ Qxd5 16. cxd5 fxe3 17. Ne6 Rxf2 18. Rxf2 exf2+ 19. Kxf2 Nd7 20. Rc1 Bd6
21. Rc3 Nf6 22. Rb3 Ne4+ 23. Ke3 Nc5 24. Nxc5 Bxc5+ 25. Ke4 b6 26. Bf3 1/2-1/2

[Event "Niedersachsen-ch B"]
[Site "Verden"]
[Date "2010.01.04"]
[Round "4.47"]
[White "Rux, Roland"]
[Black "Boehm, Jana"]
[Result "1-0"]
[WhiteElo "1828"]
[BlackElo "1445"]
[PlyCount "69"]
[EventDate "2010.01.??"]
[EventType "swiss"]
[EventRounds "7"]
[EventCountry "GER"]
[SourceDate "2005.10.24"]

1. d4 Nf6 2. f3 g6 3. e4 d6 4. c4 Bg7 5. Nc3 O-O 6. Be3 Re8 7. Qd2 e5 8. Nge2
exd4 9. Nxd4 Bd7 10. Be2 Nc6 11. O-O-O a6 12. g4 h5 13. Nxc6 Bxc6 14. h3 Qd7
15. Bd4 b5 16. Rdg1 bxc4 17. Bxc4 hxg4 18. Bxf6 Bxf6 19. Rxg4 Kf8 20. h4 Re5
21. Rhg1 Ke7 22. Qf4 a5 23. Bxf7 Kxf7 24. Rxg6 Qe6 25. Rg7+ Ke8 26. Rxc7 Ra6
27. Rg6 Kd8 28. Rh7 Bg5 29. Rxg5 Rxg5 30. Qxg5+ Kc8 31. Rh8+ Kb7 32. Qd8 Bd7
33. Qb8+ Kc6 34. Qb5+ Kc7 35. Qxa6 1-0

[Event "Niedersachsen-ch B"]
[Site "Verden"]
[Date "2010.01.04"]
[Round "4.48"]
[White "Oelfke, Nils Lukas"]
[Black "Zucker, Stefan"]
[Result "0-1"]
[WhiteElo "1240"]
[BlackElo "2015"]
[PlyCount "72"]
[EventDate "2010.01.??"]
[EventType "swiss"]
[EventRounds "7"]
[EventCountry "GER"]
[SourceDate "2005.10.24"]

1. e4 e5 2. Nf3 Nc6 3. d4 exd4 4. Nxd4 Nf6 5. Nxc6 bxc6 6. e5 Qe7 7. Qe2 Nd5 8.
c4 Ba6 9. Qe4 Qb4+ 10. Bd2 Qxb2 11. cxd5 Bxf1 12. Rxf1 Qxa1 13. dxc6 Rb8 14.
cxd7+ Kd8 15. Ke2 Qxa2 16. Rc1 Qa6+ 17. Kd1 Qf1+ 18. Be1 Bb4 19. Nd2 Qb5 20.
Rb1 a5 21. Nc4 Qxd7+ 22. Ke2 f5 23. Qf4 Rb5 24. Nxa5 Bxa5 25. Rd1 Rd5 26. Rxd5
Qxd5 27. Bxa5 Qxa5 28. Qg5+ Kc8 29. Qxf5+ Kb7 30. Qb1+ Qb6 31. Qe4+ Ka6 32.
Qa4+ Kb7 33. Qe4+ Ka7 34. e6 Re8 35. e7 Qb5+ 36. Kf3 Qb7 0-1

[Event "Niedersachsen-ch B"]
[Site "Verden"]
[Date "2010.01.04"]
[Round "4.49"]
[White "Oberbacher, Michael"]
[Black "Langer, Michael S"]
[Result "0-1"]
[WhiteElo "1299"]
[BlackElo "1986"]
[PlyCount "65"]
[EventDate "2010.01.??"]
[EventType "swiss"]
[EventRounds "7"]
[EventCountry "GER"]
[SourceDate "2005.10.24"]

1. d4 e6 2. e4 b6 3. Nc3 Bb7 4. Nf3 Bb4 5. Bd3 Nf6 6. Bg5 h6 7. Bf4 Nxe4 8. O-O
Nxc3 9. bxc3 Bxc3 10. Rb1 d6 11. Qe2 Qf6 12. Be3 Bxf3 13. Qxf3 Qxf3 14. gxf3
Nd7 15. Ba6 Rb8 16. Bb5 Ke7 17. Rb3 Ba5 18. Kh1 g5 19. Rg1 Nf6 20. c4 Rbg8 21.
c5 Nd5 22. cxd6+ cxd6 23. Rbb1 Nc3 24. Rb2 Nxb5 25. Rxb5 Rc8 26. f4 f6 27. fxg5
hxg5 28. f4 Rh3 29. Bc1 g4 30. Rb1 f5 31. Rg3 Rxg3 32. hxg3 Rc2 33. Rb2 0-1